La Judit de Shimoda / Bertolt Brecht ; traducció d'Anna Soler Horta
ISBN:
978-84-9803-376-2
Descripción Física:
194 p. ; 18 cm
Colección:
Textos teatrals clàssics ; 1
Otros Autores:
Soler Horta, Anna, tr
MARC
| LEADER | 00000nam a2200000Ia 4500 | ||
|---|---|---|---|
| 001 | 22661 | ||
| 008 | 160829s2010 xx 000 0 cat d | ||
| 020 | |a 978-84-9803-376-2 | ||
| 080 | |a L-2-116 | ||
| 100 | 1 | |a Brecht, Bertolt, |d 1898-1956 |9 35620 | |
| 245 | |a La Judit de Shimoda / Bertolt Brecht ; traducció d'Anna Soler Horta | ||
| 260 | |a Barcelona : |b Diputació de Barcelona, Institut del Teatre, |c 2010 | ||
| 300 | |a 194 p. ; |c 18 cm | ||
| 490 | |a Textos teatrals clàssics ; 1 | ||
| 590 | |a A la portada: A partir d'una peça de Yamamoto Yuzo, en col·laboració amb Hella Wuolijoki. Reconstrucció d'una versió per a l'escena a càrrec de Hans Peter Neureuter. | ||
| 590 | |a Títol original: Die Judith von Shimoda. | ||
| 590 | |a Bibliografia | ||
| 700 | |a Soler Horta, Anna, tr. |9 44940 | ||
| 710 | 1 | |a Institut del Teatre (Barcelona, Catalunya) |9 52662 | |
| 710 | 1 | |a Barcelona (Catalunya : Província). |b Diputació |9 52408 | |
| 901 | |a Arxiu | ||
| 942 | |n 1 | ||
| 952 | |0 0 |1 0 |4 0 |6 L2116 |7 1 |9 52262 |a Arxiu |b Arxiu |d 2016-12-01 |l 0 |o L-2-116 |p 22661 |r 2016-12-01 00:00:00 |w 2016-12-01 |y ARXIU | ||
| 999 | |c 56110 |d 56110 | ||